COMMODITY INSIGHTS yearbook 2018 (Record no. 5771)

MARC details
000 -LEADER
fixed length control field 00383nam a22001337a 4500
005 - DATE AND TIME OF LATEST TRANSACTION
control field 20190309121959.0
008 - FIXED-LENGTH DATA ELEMENTS--GENERAL INFORMATION
fixed length control field 190309b xxu||||| |||| 00| 0 eng d
041 ## - LANGUAGE CODE
Language code of text/sound track or separate title eng
100 ## - MAIN ENTRY--AUTHOR NAME
Personal name NISM, National institute of securities markets
245 ## - TITLE STATEMENT
Title COMMODITY INSIGHTS yearbook 2018
260 ## - PUBLICATION, DISTRIBUTION, ETC. (IMPRINT)
Name of publisher NISM, NATIONAL INSTITUTE OF SECURITIES MARKETS
Year of publication 2018
300 ## - PHYSICAL DESCRIPTION
Number of Pages 185p,
942 ## - ADDED ENTRY ELEMENTS (KOHA)
Koha item type Books
Holdings
Lost status Damaged status Home library Current library Shelving location Date acquired Source of acquisition Full call number Accession Number Koha item type
    JRU Library   SHELF-6-E 09/03/2019 DONATION 382.06 22494 Books